000 00680nam a22002057a 4500
003 0
005 20260116102505.0
008 260116b xxu||||| |||| 00| 0 eng d
020 _a978-1-61268-055-2
050 _aM 332.024
_bK62e 2012
082 _aM 332.024
_bK62e 2012
100 _aKiyosaki, Robert
245 _aEscape the rat race :
_blearn how money works and become a rich kid
_cRobert Kiyosaki
260 _aScottsdale, AZ :
_bPlata Publishing, LLC,
_c2012.
300 _a70 pages :
_bcolored illustrations ;
_c25 cm.
650 _aComics (Graphic works).
650 _aComic books, strips, etc.
650 _aFinance, Personal
_vCartoons and comics.
942 _2ddc
_cBK
999 _c368711
_d368711